000 00797nam a2200253Ia 4500
003 OSt
005 20220925230809.0
006 a|||||r|||| 00| 0
007 ta
008 220923b |||||||| |||| 00| 0 eng d
020 _a9781412992077
_c3969.9000000000001
037 _b887, 18/03/2014, Pranami Book Service
_cGeneral Book
040 _aRTL
_cRTL
_beng
041 _2eng
_aeng
082 _aY:677, N6;Q2/TD
100 _aMcMICHAEL Philip.
_9294372
245 0 _aDevelopment and social change
_b A global perspective
250 _a5th
260 _aLos
_bAngeles Sage
_c2012
300 _axxi, 383p.
_ccm.
650 _aSociology
942 _hY:677, N6;Q2/TD
_cGB
_2CC
999 _c586626
_d586626